[Event "blitz-d12"]
[Site "?"]
[Date "2021.08.30"]
[Round "13.1"]
[White "Marczyk, Kinga"]
[Black "Smietanska, Wiktoria"]
[Result "1/2-1/2"]
[BlackElo "1780"]
[WhiteElo "1168"]
[LiveChessVersion "1.4.4"]

1. e4 {[%clk 0:03:02]} c5 {[%clk 0:03:04]} 2. Nf3 {[%clk 0:03:03]} d6
{[%clk 0:03:05]} 3. d4 {[%clk 0:03:04]} cxd4 {[%clk 0:03:07]} 4. Nxd4 Nf6 5. Nc3
{[%clk 0:03:06]} a6 {[%clk 0:03:10]} 6. Bg5 {[%clk 0:02:56]} Nbd7
{[%clk 0:03:11]} 7. Be2 {[%clk 0:02:54]} h6 {[%clk 0:03:09]} 8. Be3
{[%clk 0:02:53]} e6 {[%clk 0:03:01]} 9. O-O {[%clk 0:02:50]} Be7 {[%clk 0:03:02]}
10. Qd2 {[%clk 0:02:51]} O-O {[%clk 0:02:59]} 11. f3 {[%clk 0:02:52]} Qc7
{[%clk 0:02:57]} 12. Kh1 {[%clk 0:02:43]} b5 {[%clk 0:02:56]} 13. a3
{[%clk 0:02:43]} Nb6 {[%clk 0:02:55]} 14. Nb3 {[%clk 0:02:38]} Nc4
{[%clk 0:02:53]} 15. Bxc4 {[%clk 0:02:37]} bxc4 {[%clk 0:02:52]} 16. Nd4
{[%clk 0:02:31]} Rb8 {[%clk 0:02:49]} 17. Rab1 {[%clk 0:02:30]} d5
{[%clk 0:02:32]} 18. exd5 {[%clk 0:02:15]} exd5 {[%clk 0:02:25]} 19. Bf4
{[%clk 0:02:04]} Bd6 {[%clk 0:02:26]} 20. Bxd6 {[%clk 0:02:04]} Qxd6
{[%clk 0:02:27]} 21. Rfe1 {[%clk 0:01:50]} Bd7 {[%clk 0:02:18]} 22. Nde2
{[%clk 0:01:35]} Rfe8 {[%clk 0:02:10]} 23. Nd4 {[%clk 0:01:24]} Rxe1+
{[%clk 0:02:07]} 24. Qxe1 {[%clk 0:01:23]} Re8 {[%clk 0:02:06]} 25. Qd2
{[%clk 0:01:24]} Qe5 {[%clk 0:01:58]} 26. Nde2 {[%clk 0:01:15]} Bc6
{[%clk 0:01:48]} 27. h3 {[%clk 0:01:13]} Nh5 {[%clk 0:01:43]} 28. Rd1
{[%clk 0:01:03]} Rd8 {[%clk 0:01:07]} 29. Qd4 {[%clk 0:01:02]} Qe6
{[%clk 0:00:37]} 30. Qh4 {[%clk 0:00:51]} Nf6 {[%clk 0:00:34]} 31. Qd4
{[%clk 0:00:51]} Qf5 {[%clk 0:00:12]} 32. Qd2 {[%clk 0:00:44]} Bb7
{[%clk 0:00:08]} 33. Nd4 {[%clk 0:00:45]} Qe5 {[%clk 0:00:06]} 34. Re1
{[%clk 0:00:42]} Qc7 {[%clk 0:00:05]} 35. Rd1 {[%clk 0:00:37]} Kh7
{[%clk 0:00:04]} 36. Qe2 {[%clk 0:00:36]} Re8 {[%clk 0:00:05]} 37. Qd2
{[%clk 0:00:37]} Qd6 {[%clk 0:00:05]} 38. Nf5 {[%clk 0:00:36]} Qe5
{[%clk 0:00:05]} 39. Nd4 {[%clk 0:00:33]} Nh5 {[%clk 0:00:06]} 40. Nde2
{[%clk 0:00:31]} Nf6 {[%clk 0:00:04]} 41. Qd4 {[%clk 0:00:28]} Qxd4
{[%clk 0:00:03]} 42. Nxd4 {[%clk 0:00:28]} Rd8 {[%clk 0:00:04]} 43. Re1
{[%clk 0:00:27]} Rd7 {[%clk 0:00:05]} 44. Nf5 {[%clk 0:00:24]} g6
{[%clk 0:00:06]} 45. Nd4 {[%clk 0:00:25]} Kg7 {[%clk 0:00:07]} 46. Na4
{[%clk 0:00:24]} Rc7 {[%clk 0:00:07]} 47. Nc3 {[%clk 0:00:25]} Kf8
{[%clk 0:00:08]} 48. Re2 {[%clk 0:00:20]} Re7 {[%clk 0:00:09]} 49. Rxe7
{[%clk 0:00:20]} Kxe7 {[%clk 0:00:10]} 50. Kg1 {[%clk 0:00:20]} Kd6
{[%clk 0:00:11]} 51. Kf2 {[%clk 0:00:21]} Ke5 {[%clk 0:00:09]} 52. Ke3
{[%clk 0:00:22]} Nh5 {[%clk 0:00:08]} 53. Nde2 {[%clk 0:00:18]} f5
{[%clk 0:00:08]} 54. g4 {[%clk 0:00:19]} Nf6 {[%clk 0:00:06]} 55. f4+
{[%clk 0:00:18]} Kd6 {[%clk 0:00:07]} 56. gxf5 {[%clk 0:00:17]} gxf5
{[%clk 0:00:08]} 57. Nd4 {[%clk 0:00:18]} Bc8 {[%clk 0:00:08]} 58. Nce2
{[%clk 0:00:17]} Ne4 {[%clk 0:00:08]} 59. Nc3 {[%clk 0:00:11]} Nxc3
{[%clk 0:00:09]} 60. bxc3 {[%clk 0:00:12]} Ke7 {[%clk 0:00:08]} 61. Nc6+
{[%clk 0:00:12]} Kf6 {[%clk 0:00:07]} 62. Nd4 {[%clk 0:00:12]} Bd7
{[%clk 0:00:08]} 63. Kf3 {[%clk 0:00:10]} Ba4 {[%clk 0:00:09]} 64. Ke3
{[%clk 0:00:11]} Kg6 {[%clk 0:00:08]} 65. Kf3 {[%clk 0:00:12]} Kf6
{[%clk 0:00:07]} 66. Ke3 {[%clk 0:00:13]} Be8 {[%clk 0:00:05]} 67. Kf3
{[%clk 0:00:14]} Bh5+ {[%clk 0:00:06]} 68. Kg3 {[%clk 0:00:15]} Bd1
{[%clk 0:00:06]} 69. Nf3 {[%clk 0:00:11]} Bxc2 {[%clk 0:00:06]} 70. Nd4
{[%clk 0:00:12]} Be4 {[%clk 0:00:06]} 71. Kf2 {[%clk 0:00:12]} Kg6
{[%clk 0:00:07]} 72. Kg3 {[%clk 0:00:13]} Kh5 {[%clk 0:00:07]} 73. Nc6
{[%clk 0:00:15]} d4 {[%clk 0:00:06]} 74. Nxd4 {[%clk 0:00:16]} Bd3
{[%clk 0:00:04]} 75. Ne6 {[%clk 0:00:25]} Kg6 {[%clk 0:00:05]} 76. Nd4
{[%clk 0:00:26]} Be4 {[%clk 0:00:05]} 77. Ne6 {[%clk 0:00:26]} Bd5
{[%clk 0:00:05]} 78. Nd4 {[%clk 0:00:27]} Kh5 {[%clk 0:00:04]} 79. Nxf5
{[%clk 0:00:28]} Be4 {[%clk 0:00:03]} 80. Nd4 {[%clk 0:00:29]} Bd3
{[%clk 0:00:04]} 81. f5 {[%clk 0:00:30]} Kg5 {[%clk 0:00:05]} 82. h4+ 1/2-1/2

[Event "blitz-d12"]
[Site "?"]
[Date "2021.08.30"]
[Round "13.2"]
[White "Klintsevich, Aliaksandra"]
[Black "Natoli, Alessia"]
[Result "1-0"]
[BlackElo "1313"]
[WhiteElo "1173"]
[LiveChessVersion "1.4.4"]

1. d4 {[%clk 0:03:03]} Nf6 {[%clk 0:03:03]} 2. c4 {[%clk 0:03:05]} d6
{[%clk 0:03:05]} 3. Nc3 {[%clk 0:03:04]} Nbd7 {[%clk 0:03:06]} 4. e4
{[%clk 0:03:05]} e5 {[%clk 0:03:07]} 5. d5 {[%clk 0:03:06]} Nc5 {[%clk 0:03:06]}
6. Bd3 {[%clk 0:03:07]} a5 {[%clk 0:03:07]} 7. Nge2 {[%clk 0:03:00]} Be7
{[%clk 0:03:06]} 8. O-O {[%clk 0:03:00]} O-O {[%clk 0:03:06]} 9. f4
{[%clk 0:02:49]} h6 {[%clk 0:02:53]} 10. Ng3 {[%clk 0:02:39]} Nh7
{[%clk 0:02:49]} 11. a3 {[%clk 0:02:33]} a4 {[%clk 0:02:37]} 12. Be3
{[%clk 0:02:29]} exf4 {[%clk 0:02:30]} 13. Bxf4 {[%clk 0:02:24]} Bg5
{[%clk 0:02:31]} 14. Nge2 {[%clk 0:01:57]} Bxf4 {[%clk 0:02:31]} 15. Nxf4
{[%clk 0:01:57]} Qg5 {[%clk 0:02:27]} 16. Bc2 {[%clk 0:01:44]} Bd7
{[%clk 0:02:28]} 17. Qc1 {[%clk 0:01:08]} Nf6 {[%clk 0:02:20]} 18. Nfe2
{[%clk 0:00:48]} Qxc1 {[%clk 0:01:55]} 19. Raxc1 {[%clk 0:00:49]} Rfe8
{[%clk 0:01:56]} 20. Ng3 {[%clk 0:00:45]} Re5 {[%clk 0:01:54]} 21. Rce1
{[%clk 0:00:43]} g6 {[%clk 0:01:51]} 22. Rxf6 {[%clk 0:00:42]} Kg7
{[%clk 0:01:49]} 23. Ref1 {[%clk 0:00:42]} Rf8 {[%clk 0:01:46]} 24. Nge2
{[%clk 0:00:32]} Bf5 {[%clk 0:01:45]} 25. exf5 {[%clk 0:00:28]} Kxf6
{[%clk 0:01:46]} 26. fxg6+ {[%clk 0:00:28]} Kg7 {[%clk 0:01:47]} 27. gxf7
{[%clk 0:00:24]} Rxf7 {[%clk 0:01:48]} 28. Rxf7+ {[%clk 0:00:15]} Kxf7
{[%clk 0:01:49]} 29. Kf2 {[%clk 0:00:15]} Kf6 {[%clk 0:01:47]} 30. h4
{[%clk 0:00:15]} c6 {[%clk 0:01:34]} 31. g3 {[%clk 0:00:13]} Ke7 {[%clk 0:01:24]}
32. Nf4 {[%clk 0:00:12]} Kf6 {[%clk 0:01:22]} 33. Nfe2 {[%clk 0:00:08]} Ke7
{[%clk 0:01:13]} 34. Nf4 {[%clk 0:00:09]} Kf6 {[%clk 0:01:13]} 35. dxc6
{[%clk 0:00:09]} bxc6 36. Nxa4 {[%clk 0:00:06]} Nxa4 {[%clk 0:01:10]} 37. Bxa4
{[%clk 0:00:08]} Re4 {[%clk 0:01:01]} 38. Bb3 {[%clk 0:00:09]} Ke5
{[%clk 0:00:59]} 39. Kf3 {[%clk 0:00:07]} Kd4 {[%clk 0:00:55]} 40. Ne2+
{[%clk 0:00:06]} Kd3 {[%clk 0:00:50]} 41. Nf4+ {[%clk 0:00:07]} Kd2
{[%clk 0:00:50]} 42. Kxe4 {[%clk 0:00:06]} Kc1 {[%clk 0:00:49]} 43. Nd3+
{[%clk 0:00:06]} Kd2 {[%clk 0:00:49]} 44. Kd4 {[%clk 0:00:05]} c5+
{[%clk 0:00:49]} 45. Nxc5 {[%clk 0:00:06]} dxc5+ {[%clk 0:00:50]} 46. Kxc5
{[%clk 0:00:07]} h5 {[%clk 0:00:51]} 47. Kd5 {[%clk 0:00:07]} Ke3
{[%clk 0:00:52]} 48. c5 {[%clk 0:00:08]} Kf3 {[%clk 0:00:53]} 49. c6
{[%clk 0:00:09]} Kxg3 {[%clk 0:00:53]} 50. c7 {[%clk 0:00:11]} Kxh4
{[%clk 0:00:53]} 51. c8=Q {[%clk 0:00:11]} Kg3 {[%clk 0:00:54]} 52. Qg8+
{[%clk 0:00:11]} Kf4 {[%clk 0:00:55]} 53. Qh7 {[%clk 0:00:12]} Kg5
{[%clk 0:00:53]} 54. Bc2 {[%clk 0:00:10]} h4 {[%clk 0:00:53]} 55. Qf5+
{[%clk 0:00:11]} Kh6 {[%clk 0:00:54]} 56. Qg6# {[%clk 0:00:13]} 1-0

[Event "blitz-d12"]
[Site "?"]
[Date "2021.08.30"]
[Round "13.3"]
[White "Duda, Aleksandra"]
[Black "Moczala, Maja"]
[Result "1/2-1/2"]
[BlackElo "1137"]
[WhiteElo "1407"]
[LiveChessVersion "1.4.4"]

1. c4 {[%clk 0:03:02]} c6 {[%clk 0:03:03]} 2. Nc3 {[%clk 0:03:02]} d5
{[%clk 0:03:04]} 3. cxd5 {[%clk 0:03:02]} cxd5 {[%clk 0:03:05]} 4. d4
{[%clk 0:03:03]} Nf6 {[%clk 0:03:03]} 5. Bf4 {[%clk 0:03:04]} Nc6
{[%clk 0:03:02]} 6. e3 {[%clk 0:03:03]} Bg4 {[%clk 0:03:01]} 7. Nf3
{[%clk 0:03:03]} e6 {[%clk 0:02:54]} 8. h3 {[%clk 0:03:03]} Bh5 {[%clk 0:02:52]}
9. Be2 {[%clk 0:03:03]} Be7 {[%clk 0:02:43]} 10. O-O {[%clk 0:03:03]} O-O
{[%clk 0:02:43]} 11. Ne5 {[%clk 0:02:59]} Bxe2 {[%clk 0:02:29]} 12. Qxe2
{[%clk 0:03:00]} Nxe5 {[%clk 0:02:26]} 13. Bxe5 {[%clk 0:03:01]} Nd7
{[%clk 0:02:21]} 14. Bg3 {[%clk 0:03:01]} Nb6 {[%clk 0:02:14]} 15. b3
{[%clk 0:03:00]} Bd6 {[%clk 0:02:10]} 16. Bxd6 {[%clk 0:02:56]} Qxd6
{[%clk 0:02:10]} 17. Nb5 {[%clk 0:02:49]} Qd7 {[%clk 0:02:04]} 18. Rac1
{[%clk 0:02:48]} a6 {[%clk 0:01:36]} 19. Nc3 {[%clk 0:02:27]} Rac8
{[%clk 0:01:26]} 20. Qg4 {[%clk 0:02:22]} Qe7 {[%clk 0:01:17]} 21. Ne2
{[%clk 0:02:18]} Qf6 {[%clk 0:01:00]} 22. Nf4 {[%clk 0:02:10]} Kh8
{[%clk 0:00:46]} 23. Nh5 {[%clk 0:01:54]} Qg6 {[%clk 0:00:43]} 24. Qxg6
{[%clk 0:01:55]} hxg6 {[%clk 0:00:41]} 25. Nf4 {[%clk 0:01:55]} Nd7
{[%clk 0:00:35]} 26. Nd3 {[%clk 0:01:52]} Rfe8 {[%clk 0:00:25]} 27. Rfd1
{[%clk 0:01:51]} Kg8 {[%clk 0:00:21]} 28. Kf1 {[%clk 0:01:52]} Kf8
{[%clk 0:00:21]} 29. Ke2 {[%clk 0:01:49]} f6 {[%clk 0:00:19]} 30. Nf4
{[%clk 0:01:44]} Kf7 {[%clk 0:00:19]} 31. Nd3 {[%clk 0:01:37]} Red8
{[%clk 0:00:13]} 32. Kd2 {[%clk 0:01:37]} Ke7 {[%clk 0:00:13]} 33. Rxc8
{[%clk 0:01:30]} Rxc8 {[%clk 0:00:14]} 34. Rc1 {[%clk 0:01:31]} Rxc1
{[%clk 0:00:14]} 35. Kxc1 {[%clk 0:01:32]} Kd6 {[%clk 0:00:14]} 36. Kc2
{[%clk 0:01:32]} g5 {[%clk 0:00:13]} 37. Kc3 {[%clk 0:01:28]} 1/2-1/2

[Event "blitz-d12"]
[Site "?"]
[Date "2021.08.30"]
[Round "13.4"]
[White "Borowik, Monika"]
[Black "Palejko, Gabriela"]
[Result "0-1"]
[BlackElo "1186"]
[WhiteElo "1137"]
[LiveChessVersion "1.4.4"]

1. d4 {[%clk 0:03:03]} d5 {[%clk 0:03:04]} 2. Nf3 {[%clk 0:03:03]} Nf6
{[%clk 0:03:05]} 3. c4 {[%clk 0:03:05]} e6 {[%clk 0:03:06]} 4. e3
{[%clk 0:03:05]} b6 {[%clk 0:03:06]} 5. Nc3 {[%clk 0:03:06]} Be7 {[%clk 0:03:06]}
6. Be2 {[%clk 0:03:06]} dxc4 {[%clk 0:03:05]} 7. Bxc4 {[%clk 0:03:07]} Bb7
{[%clk 0:03:07]} 8. O-O {[%clk 0:03:07]} O-O {[%clk 0:03:07]} 9. Ne5
{[%clk 0:03:05]} Nbd7 {[%clk 0:03:06]} 10. f4 {[%clk 0:03:05]} Nxe5
{[%clk 0:03:05]} 11. fxe5 {[%clk 0:03:06]} Nd5 {[%clk 0:03:05]} 12. e4
{[%clk 0:03:02]} Nxc3 {[%clk 0:03:03]} 13. bxc3 {[%clk 0:03:03]} Bxe4
{[%clk 0:03:04]} 14. Re1 {[%clk 0:03:03]} Bg6 {[%clk 0:03:03]} 15. Bf4
{[%clk 0:02:59]} Qd7 {[%clk 0:02:54]} 16. Qg4 {[%clk 0:02:57]} c5
{[%clk 0:02:47]} 17. Rad1 {[%clk 0:02:55]} cxd4 {[%clk 0:02:47]} 18. cxd4
{[%clk 0:02:56]} Rac8 {[%clk 0:02:48]} 19. Bb3 {[%clk 0:02:53]} Qd8
{[%clk 0:02:43]} 20. Be3 {[%clk 0:02:46]} Bf5 {[%clk 0:02:42]} 21. Qf3
{[%clk 0:02:41]} Bg5 {[%clk 0:02:24]} 22. Bxg5 {[%clk 0:02:36]} Qxg5
{[%clk 0:02:25]} 23. Kh1 {[%clk 0:02:27]} h6 {[%clk 0:02:20]} 24. Qf2
{[%clk 0:02:18]} Rfd8 {[%clk 0:02:20]} 25. Rf1 {[%clk 0:02:13]} Qg6
{[%clk 0:02:16]} 26. Rc1 {[%clk 0:02:03]} Qg5 {[%clk 0:02:08]} 27. Rxc8
{[%clk 0:01:50]} Rxc8 {[%clk 0:02:09]} 28. d5 {[%clk 0:01:43]} exd5
{[%clk 0:02:08]} 29. Bxd5 {[%clk 0:01:43]} Rc2 {[%clk 0:02:05]} 30. Bxf7+
{[%clk 0:01:30]} Kxf7 {[%clk 0:01:49]} 31. Qxf5+ Qxf5 32. Rxf5+ {[%clk 0:01:31]}
Ke6 {[%clk 0:01:52]} 33. Rf1 {[%clk 0:01:31]} Rxa2 {[%clk 0:01:50]} 34. Re1
{[%clk 0:01:30]} Ra5 {[%clk 0:01:51]} 35. h3 {[%clk 0:01:27]} Rxe5
{[%clk 0:01:52]} 36. Rc1 {[%clk 0:01:29]} Rc5 {[%clk 0:01:52]} 37. Re1+
{[%clk 0:01:26]} Kd6 {[%clk 0:01:48]} 38. Rd1+ {[%clk 0:01:26]} Rd5
{[%clk 0:01:49]} 39. Re1 {[%clk 0:01:26]} a5 {[%clk 0:01:49]} 40. Re8
{[%clk 0:01:26]} Kd7 {[%clk 0:01:47]} 41. Ra8 {[%clk 0:01:25]} Re5
{[%clk 0:01:38]} 42. Ra7+ {[%clk 0:01:26]} Kc6 {[%clk 0:01:37]} 43. Rxg7
{[%clk 0:01:27]} Rd5 {[%clk 0:01:37]} 44. Rg6+ {[%clk 0:01:27]} Rd6
{[%clk 0:01:39]} 45. Rg4 {[%clk 0:01:15]} b5 {[%clk 0:01:39]} 46. Kg1
{[%clk 0:01:15]} a4 {[%clk 0:01:40]} 47. Rb4 {[%clk 0:01:04]} Kc5
{[%clk 0:01:41]} 48. Rb1 {[%clk 0:01:04]} b4 {[%clk 0:01:38]} 49. Kf2
{[%clk 0:01:04]} Rd4 {[%clk 0:01:28]} 50. Rc1+ {[%clk 0:01:04]} Rc4
{[%clk 0:01:29]} 51. Rb1 {[%clk 0:01:06]} a3 {[%clk 0:01:29]} 52. Ke3
{[%clk 0:01:02]} Rc3+ {[%clk 0:01:30]} 53. Kd2 {[%clk 0:01:02]} Rg3
{[%clk 0:01:28]} 54. Rc1+ {[%clk 0:00:55]} Kb5 {[%clk 0:01:27]} 55. Rg1
{[%clk 0:00:51]} Ka4 {[%clk 0:01:28]} 56. Kc2 {[%clk 0:00:52]} b3+
{[%clk 0:01:29]} 57. Kb1 {[%clk 0:00:53]} a2+ {[%clk 0:01:26]} 58. Kb2
{[%clk 0:00:51]} Kb4 {[%clk 0:01:24]} 59. Ka1 {[%clk 0:00:49]} Ka3
{[%clk 0:01:25]} 60. Rb1 {[%clk 0:00:37]} axb1=Q+ {[%clk 0:01:22]} 61. Kxb1
{[%clk 0:00:37]} Rxg2 {[%clk 0:01:09]} 62. Ka1 {[%clk 0:00:35]} Rg1#
{[%clk 0:01:10]} 0-1

[Event "blitz-d12"]
[Site "?"]
[Date "2021.08.30"]
[Round "13.5"]
[White "Wojs, Alicja"]
[Black "Gaszka, Zuzanna"]
[Result "1/2-1/2"]
[BlackElo "1143"]
[WhiteElo "1326"]
[LiveChessVersion "1.4.4"]

1. e4 {[%clk 0:03:03]} e5 {[%clk 0:03:03]} 2. Nf3 {[%clk 0:03:05]} Nc6
{[%clk 0:03:04]} 3. d4 {[%clk 0:03:06]} exd4 {[%clk 0:03:05]} 4. Nxd4
{[%clk 0:03:07]} Nf6 {[%clk 0:03:06]} 5. Nxc6 {[%clk 0:03:08]} bxc6
{[%clk 0:03:07]} 6. Bd3 {[%clk 0:03:09]} d5 {[%clk 0:02:55]} 7. exd5
{[%clk 0:03:10]} cxd5 {[%clk 0:02:50]} 8. O-O {[%clk 0:03:10]} Be7
{[%clk 0:02:45]} 9. Nc3 {[%clk 0:03:09]} O-O {[%clk 0:02:42]} 10. h3
{[%clk 0:03:10]} Bb7 {[%clk 0:02:33]} 11. Bf4 {[%clk 0:03:10]} d4
{[%clk 0:02:27]} 12. Ne2 {[%clk 0:02:57]} Qd5 {[%clk 0:02:22]} 13. f3
{[%clk 0:02:56]} Bd6 {[%clk 0:02:17]} 14. Bxd6 {[%clk 0:02:42]} Qxd6
{[%clk 0:02:17]} 15. Bc4 {[%clk 0:02:31]} c5 {[%clk 0:02:07]} 16. c3
{[%clk 0:02:30]} Qc6 {[%clk 0:01:45]} 17. cxd4 {[%clk 0:02:21]} cxd4
{[%clk 0:01:46]} 18. Qxd4 {[%clk 0:02:22]} Rfd8 {[%clk 0:01:38]} 19. Qc3
{[%clk 0:02:12]} Rac8 {[%clk 0:01:31]} 20. Rac1 {[%clk 0:02:13]} Qb6+
{[%clk 0:01:18]} 21. Kh1 {[%clk 0:02:10]} Ba6 {[%clk 0:01:16]} 22. b3
{[%clk 0:02:00]} Nd5 {[%clk 0:01:14]} 23. Qe5 {[%clk 0:01:40]} Bxc4
{[%clk 0:01:02]} 24. Rxc4 {[%clk 0:01:31]} Ne3 {[%clk 0:00:50]} 25. Rxc8
{[%clk 0:01:32]} Rxc8 {[%clk 0:00:44]} 26. Re1 {[%clk 0:01:24]} f6
{[%clk 0:00:34]} 27. Qe4 {[%clk 0:01:18]} Qc5 {[%clk 0:00:31]} 28. Nd4
{[%clk 0:01:04]} Nd5 {[%clk 0:00:22]} 29. Qe6+ {[%clk 0:00:56]} Kh8
{[%clk 0:00:19]} 30. Qe8+ {[%clk 0:00:47]} Qf8 {[%clk 0:00:20]} 31. Qxf8+
{[%clk 0:00:48]} Rxf8 {[%clk 0:00:21]} 32. Nb5 {[%clk 0:00:48]} a6
{[%clk 0:00:21]} 33. Nd6 {[%clk 0:00:42]} Kg8 {[%clk 0:00:18]} 34. Rd1
{[%clk 0:00:38]} Nc3 {[%clk 0:00:15]} 35. Rc1 {[%clk 0:00:39]} Nxa2
{[%clk 0:00:15]} 36. Ra1 {[%clk 0:00:41]} Nb4 {[%clk 0:00:16]} 37. Nc4
{[%clk 0:00:37]} Ra8 {[%clk 0:00:16]} 38. Kg1 {[%clk 0:00:36]} Ra7
{[%clk 0:00:16]} 39. Kf2 {[%clk 0:00:37]} Kf7 {[%clk 0:00:16]} 40. Ke2
{[%clk 0:00:37]} Ke6 {[%clk 0:00:16]} 1/2-1/2

[Event "blitz-d12"]
[Site "?"]
[Date "2021.08.30"]
[Round "13.6"]
[White "Strzoda, Natalia"]
[Black "Opalka, Marta"]
[Result "1/2-1/2"]
[BlackElo "1046"]
[WhiteElo "1152"]
[LiveChessVersion "1.4.4"]

1. e4 {[%clk 0:03:03]} e6 {[%clk 0:03:04]} 2. d4 {[%clk 0:03:04]} d5
{[%clk 0:03:05]} 3. e5 {[%clk 0:03:06]} c5 {[%clk 0:03:06]} 4. c3
{[%clk 0:03:07]} Nc6 {[%clk 0:03:08]} 5. Nf3 {[%clk 0:03:07]} Qb6
{[%clk 0:03:09]} 6. a3 {[%clk 0:03:06]} Nge7 {[%clk 0:03:08]} 7. b4
{[%clk 0:03:07]} cxd4 {[%clk 0:03:09]} 8. cxd4 {[%clk 0:03:07]} Nf5
{[%clk 0:03:10]} 9. Bb2 {[%clk 0:03:07]} f6 {[%clk 0:03:06]} 10. Be2
{[%clk 0:02:54]} fxe5 {[%clk 0:03:02]} 11. dxe5 {[%clk 0:02:54]} Bd7
{[%clk 0:02:55]} 12. Nc3 {[%clk 0:02:46]} Be7 {[%clk 0:02:39]} 13. O-O
{[%clk 0:02:45]} O-O {[%clk 0:02:39]} 14. Rc1 {[%clk 0:02:40]} Rac8
{[%clk 0:02:38]} 15. Na4 {[%clk 0:02:38]} Qd8 {[%clk 0:02:33]} 16. Nc5
{[%clk 0:02:33]} Bxc5 {[%clk 0:02:19]} 17. Rxc5 {[%clk 0:02:30]} b6
{[%clk 0:02:14]} 18. Rc1 {[%clk 0:02:30]} Nce7 {[%clk 0:02:09]} 19. Qd2
{[%clk 0:02:22]} Ng6 {[%clk 0:01:59]} 20. h3 {[%clk 0:02:14]} Rxc1
{[%clk 0:01:44]} 21. Rxc1 {[%clk 0:02:15]} Qe7 {[%clk 0:01:39]} 22. Nd4
{[%clk 0:02:04]} Nxd4 {[%clk 0:01:35]} 23. Qxd4 {[%clk 0:02:03]} Qf7
{[%clk 0:01:32]} 24. Rc7 {[%clk 0:01:53]} Rc8 {[%clk 0:01:05]} 25. Rxc8+
{[%clk 0:01:53]} Bxc8 {[%clk 0:01:06]} 26. Qc3 {[%clk 0:01:46]} 1/2-1/2

[Event "blitz-d12"]
[Site "?"]
[Date "2021.08.30"]
[Round "13.7"]
[White "Kicinska, Anna"]
[Black "Konkol, Sandra"]
[Result "0-1"]
[BlackElo "1219"]
[WhiteElo "1009"]
[LiveChessVersion "1.4.4"]

1. d4 d6 2. Bg5 Nf6 3. Nf3 c6 4. e3 Bg4 5. Nbd2 e6 6. Bd3 d5 7. c3 Be7 8. O-O O-O
9. h3 Bxf3 10. Nxf3 Nbd7 11. Ne5 Nxe5 12. dxe5 Nd7 13. Bxe7 Qxe7 14. f4 c5 15.
Rc1 c4 16. Bb1 Nc5 17. Rf3 Qc7 18. Qc2 Nd3 19. Rd1 Qb6 20. Rxd3 cxd3 21. Qxd3 g6
22. h4 Qa6 23. Qc2 Qc6 24. h5 Qe8 25. h6 f6 26. exf6 Rxf6 27. Qf2 Qf8 28. Qh4 Qf7
29. g4 Qf8 30. g5 Rf7 31. Qg4 Re7 32. Qg2 Rc8 33. Qd2 Rc6 34. Kg2 Rb6 35. b3 Rc7
36. Qd4 Rbc6 37. e4 dxe4 38. Bxe4 Rd6 39. Qe5 Rd2+ 40. Kg3 Rcd7 41. a4 Qf7 42.
Qb8+ Qf8 43. Qe5 Qf7 44. Re3 Rb2 45. Bd3 Rd2 0-1

[Event "blitz-d12"]
[Site "?"]
[Date "2021.08.30"]
[Round "13.8"]
[White "Wieczorek, Maja"]
[Black "Myslowska, Zofia"]
[Result "1-0"]
[BlackElo "1181"]
[WhiteElo "1089"]
[LiveChessVersion "1.4.4"]

1. e4 {[%clk 0:03:03]} d6 {[%clk 0:03:04]} 2. d4 {[%clk 0:03:04]} g6
{[%clk 0:03:05]} 3. Nc3 {[%clk 0:03:04]} Bg7 {[%clk 0:03:06]} 4. Nf3
{[%clk 0:03:05]} Nf6 {[%clk 0:03:07]} 5. Be3 {[%clk 0:03:05]} O-O
{[%clk 0:03:07]} 6. Bc4 {[%clk 0:03:05]} Bg4 {[%clk 0:03:07]} 7. h3
{[%clk 0:03:03]} Bxf3 {[%clk 0:03:07]} 8. Qxf3 {[%clk 0:03:04]} Nc6
{[%clk 0:03:08]} 9. O-O {[%clk 0:02:51]} e5 {[%clk 0:03:06]} 10. d5
{[%clk 0:02:48]} Ne7 {[%clk 0:03:05]} 11. Qd1 {[%clk 0:02:43]} Nd7
{[%clk 0:03:00]} 12. f4 {[%clk 0:02:39]} f5 {[%clk 0:02:54]} 13. fxe5
{[%clk 0:02:32]} Nxe5 {[%clk 0:02:53]} 14. Bb3 {[%clk 0:02:29]} Kh8
{[%clk 0:02:30]} 15. Qd2 {[%clk 0:02:20]} Ng8 {[%clk 0:02:28]} 16. Rf2
{[%clk 0:02:06]} a6 {[%clk 0:02:04]} 17. Raf1 {[%clk 0:02:04]} fxe4
{[%clk 0:01:42]} 18. Rxf8 {[%clk 0:01:57]} Bxf8 {[%clk 0:01:42]} 19. Nxe4
{[%clk 0:01:52]} Bg7 {[%clk 0:01:22]} 20. Ng5 {[%clk 0:01:41]} h6
{[%clk 0:01:15]} 21. Ne6 {[%clk 0:01:39]} Qh4 {[%clk 0:01:02]} 22. Rf4
{[%clk 0:01:12]} Qg3 {[%clk 0:00:47]} 23. Bf2 {[%clk 0:01:06]} Nf3+
{[%clk 0:00:41]} 24. Rxf3 {[%clk 0:01:04]} Qe5 {[%clk 0:00:39]} 25. Nxg7
{[%clk 0:01:03]} Kh7 {[%clk 0:00:24]} 26. Ne6 {[%clk 0:00:59]} Nf6
{[%clk 0:00:20]} 27. Bd4 {[%clk 0:00:56]} Qh5 {[%clk 0:00:13]} 28. Rxf6
{[%clk 0:00:49]} Re8 {[%clk 0:00:11]} 29. Rf7+ {[%clk 0:00:48]} Kg8
{[%clk 0:00:07]} 30. Rg7+ {[%clk 0:01:46]} Kh8 {[%clk 0:00:08]} 31. Re7+
{[%clk 0:01:37]} Kg8 {[%clk 0:00:06]} 32. Rxe8+ {[%clk 0:01:37]} Kf7
{[%clk 0:00:07]} 33. Rf8+ {[%clk 0:01:34]} Ke7 {[%clk 0:00:06]} 34. Bf6+
{[%clk 0:01:31]} Kd7 {[%clk 0:00:07]} 35. Ba4+ {[%clk 0:01:31]} c6
{[%clk 0:00:07]} 36. Rd8# {[%clk 0:01:25]} 1-0

[Event "blitz-d12"]
[Site "?"]
[Date "2021.08.30"]
[Round "13.9"]
[White "Drozd, Gabriela"]
[Black "Babinska, Liwia"]
[Result "1-0"]
[BlackElo "1067"]
[WhiteElo "1169"]
[LiveChessVersion "1.4.4"]

1. e4 e5 2. d4 exd4 3. Nf3 Nc6 4. Nxd4 Nf6 5. Nxc6 bxc6 6. e5 Ne4 7. Bd3 Nc5 8.
Nc3 Nxd3+ 9. Qxd3 d6 10. Bf4 Be7 11. O-O-O O-O 12. exd6 cxd6 13. Bxd6 Bxd6 14.
Qxd6 Qg5+ 15. Qd2 Qxg2 16. Rdg1 Qf3 17. Qh6 g6 18. h4 Bf5 19. Qd2 Rad8 20. Qe3
Qxe3+ 21. fxe3 Rfe8 22. Rg3 Rd7 23. Rh2 Kf8 24. h5 gxh5 25. Rxh5 Bg6 26. Rh1 a5
27. Rf1 Rde7 28. Re1 h5 29. Rf1 Kg7 30. Re1 Ra8 31. Ne2 a4 32. Nf4 a3 33. Nxh5+
Kf8 34. Nf4 axb2+ 35. Kxb2 Rb7+ 36. Kc1 Rxa2 37. Nxg6+ fxg6 38. Rxg6 Ra1+ 39. Kd2
Rd7+ 40. Ke2 Rxe1+ 41. Kxe1 Rc7 42. Kd2 Ke7 43. Kd3 c5 44. Kc4 Kd8 45. Rg8+ Kd7
46. Rg7+ Kd6 47. Rxc7 Kxc7 48. Kxc5 Kd7 49. c4 Ke6 50. Kd4 Kd6 51. e4 Ke6 52. c5
Kd7 53. Kd5 Kc7 54. e5 Kd7 55. c6+ Kc7 56. e6 Kd8 57. Kd6 Kc8 58. c7 Kb7 59. Kd7
Ka8 60. c8=Q+ Ka7 61. Qc5+ Ka8 62. Qb5 Ka7 63. Kc7 Ka8 64. Qb7# 1-0